| 000 | 01067nam a2200205 a 4500 | ||
|---|---|---|---|
| 008 | 120416s1982 ||||||||||||||||| || u | ||
| 020 | _a0070103240 | ||
| 050 | _aHG 179 | ||
| 100 | _aCerami, Charles A | ||
| 245 | 1 | 0 | _aMore profit, less risk: your new financial stratergy |
| 260 |
_aNew York _bMcGraw-Hill _c1982 |
||
| 300 | _axiii, 224p. : ill. | ||
| 350 | _a0.00 | ||
| 650 | _aINVESTMENTS | ||
| 650 | _aFINANCE, PERSONAL | ||
| 995 |
_aANNEX COLLECTION (Main Library) _D0.00 _e710929 _FCBU-MAIN LIBRARY (Kitwe) _H1 _I14.95 _jHG 179 Cer _M2 _UAVAILABLE _y005946 _ZAnnex Low-Usage Collection |
||
| 995 |
_aANNEX COLLECTION (Main Library) _D0.00 _e710928 _FCBU-MAIN LIBRARY (Kitwe) _H2 _I14.95 _jHG 179 Cer _M3 _UAVAILABLE _y005947 _ZAnnex Low-Usage Collection |
||
| 995 |
_aANNEX COLLECTION (Main Library) _D0.00 _e710927 _FCBU-MAIN LIBRARY (Kitwe) _H3 _I14.95 _jHG 179 Cer _M1 _UAVAILABLE _y005945 _ZAnnex Low-Usage Collection |
||
| 995 |
_aANNEX COLLECTION (Main Library) _D0.00 _e710926 _FCBU-MAIN LIBRARY (Kitwe) _H4 _I14.95 _jHG 179 Cer _M4 _UAVAILABLE _y005948 _ZAnnex Low-Usage Collection |
||
| 999 |
_c78652 _d78652 |
||